Provinces of China by HDI - Statistics

General Stats
  • This quiz has been taken 15 times
  • The average score is 25 of 33
Answers on the Map
Answers color-coded by a green-red scale on the quiz's map according to % correct below.
 
Answer Stats
HDI Province % Correct
0.912 Beijing
91%
0.955 Hong Kong
91%
0.934 Macau
91%
0.901 Shanghai
91%
0.656 Tibet
91%
0.823 Guangdong
82%
0.790 Hainan
82%
0.727 Qinghai
82%
0.798 Shandong
82%
0.867 Tianjin
82%
0.737 Yunnan
82%
0.776 Anhui
73%
0.804 Chongqing
73%
0.812 Fujian
73%
0.731 Gansu
73%
0.760 Guangxi
73%
0.734 Guizhou
73%
0.771 Hebei
73%
0.769 Henan
73%
0.803 Hubei
73%
0.790 Hunan
73%
0.807 Inner Mongolia
73%
0.836 Jiangsu
73%
0.803 Liaoning
73%
0.800 Shanxi
73%
0.771 Sichuan
73%
0.771 Xinjiang
73%
0.823 Zhejiang
73%
0.778 Heilongjiang
64%
0.777 Jiangxi
64%
0.787 Jilin
64%
0.773 Ningxia
64%
0.802 Shaanxi
64%
No matching quizzes found
Score Distribution
Percent of People with Each Score
Percentile by Number Answered
Your Score History
You have not taken this quiz